ნორმალური ფორმატი
MARC ფორმატი
ჩანაწერი Personal Name
ჩანაწერთა რაოდენობა, რომელიც გამოყენებულია: 1
001 - CONTROL NUMBER
- control field: 7392
003 - CONTROL NUMBER IDENTIFIER
- control field: GE_BSU
005 - DATE AND TIME OF LATEST TRANSACTION
- control field: 20200224122843.0
008 - FIXED-LENGTH DATA ELEMENTS
- fixed length control field: 200224|| aca||aabn | a|a d
040 ## - CATALOGING SOURCE
- Original cataloging agency: GE_BSU
- Transcribing agency: GE_BSU
100 ## - HEADING--PERSONAL NAME
- Personal name: Giradeau, Bruno
670 ## - SOURCE DATA FOUND
- Source citation: Work cat.: (GE_BSU)50834: Cherifi, Soade. 7391, Travailler en francais en entreprise :
